000 00464nam a2200157 a 4500
001 000038169
005 20201002031203.0
008 130320s2001 dr 000 0 spa d
040 _aDO-SdBNP
_bspa
_cBNPHU
110 1 _aRepública Dominicana
_9447
240 1 0 _a[Leyes, etc.]
245 1 0 _aDefensor del pueblo ley no. 19-01.
260 _aSanto Domingo :
_bParticipación Ciudadana ,
_c[2001].
300 _a16 p. ;
_c20 cm.
710 1 _aRepública Dominicana
_9447
999 _c37659
_d37659